[Event "Medellin Luces op"]
[Site "Medellin"]
[Date "2020.12.12"]
[Round "2"]
[White "Molina Ballesteros, Juan Sebastian"]
[Black "Ospina Gaviria, Edison A"]
[Result "0-1"]
[WhiteElo "1513"]
[BlackElo "1703"]
[PlyCount "28"]
[EventDate "2020.12.12"]
[EventType "swiss"]
[EventRounds "7"]
[EventCountry "COL"]
[SourceTitle "CBM 199 Extra"]
[Source "ChessBase"]
[SourceDate "2021.01.31"]
[SourceVersion "1"]
[SourceVersionDate "2021.01.31"]
[SourceQuality "1"]

1. e4 e6 2. d4 d5 3. e5 c5 4. c3 Nc6 5. Nf3 Qb6 6. a3 Nh6 7. b4 cxd4 8. cxd4 Nf5 9. Be3 Be7 10. Nc3 0-0 11. Bd3 f6 12. Bxf5 exf5 13. Nxd5 Qd8 14. Nxe7+ Nxe7 0-1

[Event "Departamental Tercera Antioquia"]
[Site "Medellin"]
[Date "2014.02.25"]
[Round "2.5"]
[White "Mosquera, Luis Angel"]
[Black "Ospina Gaviria, Edison A"]
[Result "1-0"]
[WhiteElo "1718"]
[BlackElo "1673"]
[PlyCount "31"]
[EventDate "2014.02.24"]
[EventType "swiss"]
[EventRounds "7"]
[EventCountry "COL"]
[SourceTitle "EXT 2024"]
[Source "ChessBase"]
[SourceDate "2023.10.10"]
[SourceVersion "1"]
[SourceVersionDate "2023.10.10"]
[SourceQuality "1"]

1. e4 e6 2. d4 d5 3. Nd2 dxe4 4. Nxe4 Nf6 5. Nxf6+ Qxf6 6. Nf3 h6 7. Bd3 Bd6 8. Qe2 Nc6 9. c3 Bd7 10. a4 Ne7 11. Ne5 Ng6 12. Nxg6 fxg6 13. Qg4 g5 14. Qh5+ Kd8 15. Be3 Bc6 16. 0-0 1-0

[Event "Antioquia Region-ch C"]
[Site "Medellin"]
[Date "2011.??.??"]
[Round "2.21"]
[White "Londono Lopez, David"]
[Black "Ospina Gaviria, Edison A"]
[Result "0-1"]
[WhiteElo "1535"]
[BlackElo "1616"]
[PlyCount "62"]
[EventDate "2011.03.03"]
[EventType "swiss"]
[EventRounds "7"]
[EventCountry "COL"]
[SourceTitle "EXT 2024"]
[Source "ChessBase"]
[SourceDate "2023.10.10"]
[SourceVersion "1"]
[SourceVersionDate "2023.10.10"]
[SourceQuality "1"]

1. e4 e5 2. Nf3 Nf6 3. Nc3 Bb4 4. d3 d5 5. Bd2 d4 6. Ne2 Bxd2+ 7. Qxd2 Nc6 8. Ng3 Qd6 9. a3 h6 10. Nh4 Ne7 11. Be2 Be6 12. Nhf5 Nxf5 13. Nxf5 Bxf5 14. exf5 e4 15. 0-0 0-0 16. dxe4 Nxe4 17. Qd3 Nf6 18. Rfd1 Rad8 19. Bf3 Qb6 20. Rab1 Rfe8 21. b3 c6 22. Re1 Qc5 23. h3 Rxe1+ 24. Rxe1 Qxa3 25. Be4 Qd6 26. f3 Qg3 27. Rd1 Nh5 28. Kh1 Qf2 29. Rd2 Ng3+ 30. Kh2 Nf1+ 31. Kh1 Nxd2 0-1

[Event "Antioquia Region-ch C"]
[Site "Medellin"]
[Date "2011.??.??"]
[Round "3.18"]
[White "Ospina Gaviria, Edison A"]
[Black "Arboleda Tamayo, Daniel"]
[Result "1-0"]
[WhiteElo "1616"]
[BlackElo "1559"]
[PlyCount "35"]
[EventDate "2011.03.03"]
[EventType "swiss"]
[EventRounds "7"]
[EventCountry "COL"]
[SourceTitle "EXT 2024"]
[Source "ChessBase"]
[SourceDate "2023.10.10"]
[SourceVersion "1"]
[SourceVersionDate "2023.10.10"]
[SourceQuality "1"]

1. e4 c6 2. d4 d5 3. exd5 cxd5 4. c4 Nf6 5. Nc3 Nc6 6. c5 b6 7. Bb5 Bd7 8. Bg5 bxc5 9. dxc5 e6 10. Bxc6 Bxc6 11. Qd4 Rb8 12. b4 Be7 13. Nf3 0-0 14. 0-0 Rb7 15. a4 a6 16. Rfb1 Nd7 17. Bxe7 Qxe7 18. b5 1-0

[Event "Antioquia Region-ch C"]
[Site "Medellin"]
[Date "2011.??.??"]
[Round "5.3"]
[White "Ospina Gaviria, Edison A"]
[Black "Castano Hoyos, David"]
[Result "0-1"]
[WhiteElo "1616"]
[BlackElo "1725"]
[PlyCount "64"]
[EventDate "2011.03.03"]
[EventType "swiss"]
[EventRounds "7"]
[EventCountry "COL"]
[SourceTitle "EXT 2024"]
[Source "ChessBase"]
[SourceDate "2023.10.10"]
[SourceVersion "1"]
[SourceVersionDate "2023.10.10"]
[SourceQuality "1"]

1. e4 e5 2. Nf3 Nc6 3. Bc4 Bc5 4. c3 Nf6 5. d4 exd4 6. e5 d5 7. Bb5 Ne4 8. Bxc6+ bxc6 9. cxd4 Bb4+ 10. Bd2 Nxd2 11. Nbxd2 c5 12. 0-0 0-0 13. a3 Bxd2 14. Qxd2 c4 15. Qc3 Rb8 16. Nd2 Bf5 17. b3 cxb3 18. Nxb3 Rb6 19. Nc5 Qg5 20. Qf3 Rd8 21. Rac1 Rdb8 22. Qxd5 Rd8 23. Qf3 Rxd4 24. Rfd1 Rxd1+ 25. Rxd1 Rb8 26. Qd5 h6 27. Re1 Rd8 28. Qb7 Qd2 29. Rf1 Qe2 30. Qa6 Qxe5 31. Qxa7 Rd5 32. Rc1 Qc3 0-1